Statistiques concernant Portes Boulevard Périphérique Rennes

Cliquez ici pour prendre le quiz!

Statistiques générales

  • Ce quiz a été pris 105 fois
  • Le résultat moyen est 11 sur 22

Statistiques - réponses

HintRéponse% Correct
Porte n°10Porte de Lorient
85%
Porte n°6aPorte de Nantes
79%
Porte n°13bPorte de Saint-Malo
79%
Porte n°11.5Porte de Villejean
74%
Porte n°12Porte de Brest
68%
Porte n°11Porte de Brest
68%
Porte n°6bPorte d'Alma
67%
Porte n°5bPorte d'Angers
66%
Porte n°9Porte de Cleunay
63%
Porte n°13aPorte de Beauregard
56%
Porte n°8Porte de Saint-Nazaire
53%
Porte n°7Porte de Bréquigny
48%
Porte n°5aPorte du Blosne
48%
Porte n°14Porte de Maurepas
42%
Porte n°3Porte de Beaulieu
41%
Porte n°16Porte de Normandie
41%
Porte n°15Porte des Longs Champs
30%
Porte n°4Porte des Loges
22%
Porte n°1Porte de la Rigourdière
18%
Porte n°17Porte de Tizé
15%
Porte n°3bZone Industrielle Sud-Est
3%
Porte n°2Porte de la Valette
1%

Distribution des résultats

Percentile par nombre de réponses

% des personnes avec chaque résultat

Votre développement - résultats

Vous n’avez pas pris ce quiz